书目信息 |
| 题名: |
汽车工程中的氢
|
|
| 作者: | 克莱尔 , 艾希尔赛德 , 特拉特纳 著 ;倪计民团队 译 | |
| 分册: | ||
| 出版信息: | 北京 机械工业出版社 2022 |
|
| 页数: | 15, 247页 | |
| 开本: | 24cm | |
| 丛书名: | 汽车先进技术译丛 | |
| 单 册: | ||
| 中图分类: | U46 | |
| 科图分类: | ||
| 主题词: | 氢气--qing qi--应用--汽车工程 | |
| 电子资源: | ||
| ISBN: | 978-7-111-68540-1 | |
| 000 | 01733oam2 2200325 450 | |
| 001 | 011025150605 | |
| 005 | 20221025150605.0 | |
| 010 | @a978-7-111-68540-1@b精装@dCNY169.00 | |
| 100 | @a20201004d2022 em y0chiy0120 ea | |
| 101 | 1 | @achi@cger |
| 102 | @aCN@b110000 | |
| 105 | @aa z 001yy | |
| 106 | @ar | |
| 200 | 1 | @a汽车工程中的氢@Aqi che gong cheng zhong de qing@e生产、存储与应用@f(奥) 曼弗雷德·克莱尔(Manfred Klell) , (奥) 赫尔穆特·艾希尔赛德(Helmut Eichlseder) , (奥) 亚历山大·特拉特纳(Alexander Trattner) 著@g倪计民团队译 |
| 210 | @a北京@c机械工业出版社@d2022 | |
| 215 | @a15, 247页@c图, 照片@d24cm | |
| 225 | 2 | @a汽车先进技术译丛@Aqi che xian jin ji shu yi cong@i新能源汽车系列@v10 |
| 300 | @a上海舜华新能源系统有限公司赞助出版机工汽车 | |
| 305 | @aSpringer授权出版 据原书第4版译出 | |
| 330 | @a本书概述了氢的性质、生产、存储和应用的各个方面,其中重点是氢气存储的热力学原理及其在车辆技术和能源技术中的应用。本书参考格拉茨工业大学和HyCentA公司的研究项目,介绍了当前的最新技术水平。在此版本中,还增加了用于为电驱动器发电的燃料电池的相关内容。本书的内容还包括通过热解由甘油生产氢的方法,并增加了当前氢能在汽车中的最新应用——氢和甲烷混合物的内燃机以及材料、效率和二氧化碳排放问题的章节。 | |
| 410 | 0 | @12001 @a汽车先进技术译丛 |
| 510 | 1 | @aWasserstoff in der Fahrzeugtechnik: Erzeugung, Speicherung, Anwendung@zger |
| 606 | 0 | @a氢气@Aqing qi@x应用@x汽车工程 |
| 690 | @aU46@v5 | |
| 701 | 0 | @c(奥)@a克莱尔@Ake lai er@g(Klell, Manfred)@4著 |
| 701 | 0 | @c(奥)@a艾希尔赛德@Aai xi er sai de@g(Eichlseder, Helmut)@4著 |
| 701 | 0 | @c(奥)@a特拉特纳@Ate la te na@g(Trattner, Alexander)@4著 |
| 712 | 02 | @a倪计民团队@Ani ji min tuan dui@4译 |
| 801 | 0 | @aCN@c20221025 |
| 905 | @a河南城建学院图书馆@dU46@eM311 | |
| 汽车工程中的氢:生产、存储与应用/(奥) 曼弗雷德·克莱尔(Manfred Klell) , (奥) 赫尔穆特·艾希尔赛德(Helmut Eichlseder) , (奥) 亚历山大·特拉特纳(Alexander Trattner) 著/倪计民团队译.-北京:机械工业出版社,2022 |
| 15, 247页:图, 照片;24cm.-(汽车先进技术译丛.新能源汽车系列;10) |
| 上海舜华新能源系统有限公司赞助出版机工汽车 |
| ISBN 978-7-111-68540-1(精装):CNY169.00 |
| 本书概述了氢的性质、生产、存储和应用的各个方面,其中重点是氢气存储的热力学原理及其在车辆技术和能源技术中的应用。本书参考格拉茨工业大学和HyCentA公司的研究项目,介绍了当前的最新技术水平。在此版本中,还增加了用于为电驱动器发电的燃料电池的相关内容。本书的内容还包括通过热解由甘油生产氢的方法,并增加了当前氢能在汽车中的最新应用——氢和甲烷混合物的内燃机以及材料、效率和二氧化碳排放问题的章节。 |
| ● |
| 相关链接 |
|
|
|
正题名:汽车工程中的氢
索取号:U46/M311
 
预约/预借
| 序号 | 登录号 | 条形码 | 馆藏地/架位号 | 状态 | 备注 |
| 1 | 1584698 | 215846985 | 自科库501/501自科库 55排7列2层/ [索取号:U46/M311] | 在馆 |